[Event "Europe Echecs online op April"]
[Site "Europe Echecs INT"]
[Date "2020.04.11"]
[Round "3"]
[White "Krivine, Frederic"]
[Black "Megale, Massimo"]
[Result "0-1"]
[WhiteElo "1600"]
[BlackElo "2023"]
[PlyCount "102"]
[EventDate "2020.04.11"]
[EventType "swiss (blitz)"]
[EventRounds "11"]
[EventCountry "FRA"]
[SourceTitle "EXT 2021"]
[Source "ChessBase"]
[SourceDate "2020.10.23"]
[SourceVersion "1"]
[SourceVersionDate "2020.10.23"]
[SourceQuality "1"]

1. e4 d5 2. exd5 Qxd5 3. Nc3 Qd8 4. Nf3 c6 5. Bc4 Nf6 6. d3 Bf5 7. a3 e6 8. Bf4 Bd6 9. Qd2 Qc7 10. Bxd6 Qxd6 11. 0-0-0 Nbd7 12. Rhe1 0-0-0 13. Qe3 Nb6 14. Bb3 Nbd5 15. Bxd5 Nxd5 16. Nxd5 Qxd5 17. Qxa7 Bg4 18. Re5 Qa2 19. Qb6 Bxf3 20. gxf3 Rd5 21. Re4 Rb5 22. Qd4 Qa1+ 23. Kd2 Qxb2 24. Qxb2 Rxb2 25. Rb4 Rxb4 26. axb4 Kc7 27. c4 Ra8 28. Ke3 Ra2 29. Rg1 g6 30. Rg5 Rb2 31. b5 cxb5 32. cxb5 Kb6 33. Rg4 Rxb5 34. Rd4 Rd5 35. Rb4+ Kc6 36. Rc4+ Kd7 37. Rb4 b5 38. d4 Kc6 39. f4 f6 40. f3 Kb6 41. Rb3 e5 42. dxe5 fxe5 43. fxe5 Rxe5+ 44. Kf4 Rh5 45. Kg3 Kc5 46. h4 Kc4 47. Re3 b4 48. f4 b3 49. Re8 b2 50. Rb8 Rb5 51. Rc8+ Kb3 0-1

[Event "Europe Echecs online op April"]
[Site "Europe Echecs INT"]
[Date "2020.04.11"]
[Round "6"]
[White "Megale, Massimo"]
[Black "Bouget, Alexandre"]
[Result "1/2-1/2"]
[WhiteElo "2023"]
[BlackElo "2238"]
[PlyCount "186"]
[EventDate "2020.04.11"]
[EventType "swiss (blitz)"]
[EventRounds "11"]
[EventCountry "FRA"]
[SourceTitle "EXT 2021"]
[Source "ChessBase"]
[SourceDate "2020.10.23"]
[SourceVersion "1"]
[SourceVersionDate "2020.10.23"]
[SourceQuality "1"]

1. d4 g6 2. Nf3 Bg7 3. c3 d5 4. Bf4 Nf6 5. e3 0-0 6. Bd3 c5 7. Nbd2 Nc6 8. Ne5 e6 9. 0-0 Nd7 10. Nxd7 Bxd7 11. Nf3 Qe7 12. Re1 e5 13. dxe5 Nxe5 14. Nxe5 Bxe5 15. Bxe5 Qxe5 16. Be2 Bc6 17. Bf3 Rad8 18. Qc2 f5 19. Rad1 Kg7 20. Re2 Rf7 21. Red2 Rfd7 22. a3 Rd6 23. g3 h5 24. h4 a5 25. Bg2 a4 26. Re2 b5 27. Red2 Rb8 28. Qd3 Rbd8 29. Qe2 Be8 30. Qf3 Bf7 31. Qf4 Qxf4 32. gxf4 Kf6 33. Bf1 Be8 34. f3 Bc6 35. Kf2 Ke6 36. Bg2 Rb8 37. e4 Rbd8 38. Ke3 Bb7 39. Bh3 dxe4 40. Rxd6+ Rxd6 41. Rxd6+ Kxd6 42. fxe4 Bxe4 43. Bf1 Kc6 44. Be2 Bd5 45. Bd3 Bc4 46. Bc2 Kd5 47. Bd1 Bf1 48. Bf3+ Kc4 49. Kd2 Kb3 50. Kc1 Bd3 51. Bd5+ Bc4 52. Bc6 b4 53. cxb4 cxb4 54. axb4 Kxb4 55. Be8 Be2 56. Bxg6 Bg4 57. Bf7 a3 58. bxa3+ Kxa3 59. Kc2 Kb4 60. Kd3 Kc5 61. Kc3 Be2 62. Be8 Kd5 63. Kd2 Bg4 64. Ke3 Kc5 65. Bf7 Kd6 66. Kd4 Bf3 67. Be8 Bg4 68. Bg6 Ke6 69. Kc5 Kf6 70. Be8 Bf3 71. Kd6 Bg4 72. Bc6 Be2 73. Kd7 Bg4 74. Ke8 Kg7 75. Ke7 Kg6 76. Be8+ Kg7 77. Ke6 Kf8 78. Bg6 Kg7 79. Bxf5 Bd1 80. Be4 Bb3+ 81. Ke7 Bc4 82. f5 Kg8 83. f6 Bb3 84. Bg6 Bc4 85. Bxh5 Bb3 86. Bg6 Bc4 87. h5 Bb3 88. h6 Bc4 89. h7+ Kh8 90. Bf7 Bd3 91. Bg8 Bg6 92. Bd5 Bh5 93. Be4 Bg6 1/2-1/2

[Event "Europe Echecs online op April"]
[Site "Europe Echecs INT"]
[Date "2020.04.11"]
[Round "10"]
[White "Megale, Massimo"]
[Black "Desmons, Florent"]
[Result "1/2-1/2"]
[WhiteElo "2023"]
[BlackElo "1673"]
[PlyCount "136"]
[EventDate "2020.04.11"]
[EventType "swiss (blitz)"]
[EventRounds "11"]
[EventCountry "FRA"]
[SourceTitle "EXT 2021"]
[Source "ChessBase"]
[SourceDate "2020.10.23"]
[SourceVersion "1"]
[SourceVersionDate "2020.10.23"]
[SourceQuality "1"]

1. d4 f5 2. Nf3 Nf6 3. c3 e6 4. Bg5 Be7 5. Nbd2 0-0 6. Bxf6 Bxf6 7. e4 fxe4 8. Nxe4 Be7 9. Bd3 g6 10. Qe2 Qe8 11. 0-0 b6 12. Ned2 Bb7 13. Be4 d5 14. Bd3 Bc8 15. Ne5 c5 16. Rae1 cxd4 17. cxd4 Nc6 18. Nxc6 Qxc6 19. Nf3 Bf6 20. a3 Qd6 21. Ne5 Bxe5 22. Qxe5 Qxe5 23. Rxe5 Bd7 24. Ree1 Rac8 25. Rc1 Kg7 26. g3 h6 27. f4 g5 28. fxg5 hxg5 29. Rxc8 Rxf1+ 30. Kxf1 Bxc8 31. h4 Kf6 32. hxg5+ Kxg5 33. Kf2 Bd7 34. b4 a5 35. bxa5 bxa5 36. Be2 Ba4 37. Ke3 Bc2 38. Ba6 Kg4 39. Kf2 Bf5 40. Bc8 Kg5 41. Kf3 Bg4+ 42. Ke3 Bf5 43. Ba6 Kg4 44. Kf2 Be4 45. Be2+ Kg5 46. Ke3 Bf5 47. Bf3 Bg4 48. Bxg4 Kxg4 49. Kf2 Kf5 50. Kf3 e5 51. dxe5 Kxe5 52. Ke3 d4+ 53. Kd3 a4 54. g4 Kd5 55. g5 Ke5 56. g6 Kf6 57. Kxd4 Kxg6 58. Kc4 Kf6 59. Kb4 Ke6 60. Kxa4 Kd6 61. Kb5 Kc7 62. Ka6 Kc6 63. a4 Kc7 64. Ka7 Kc8 65. a5 Kc7 66. a6 Kc8 67. Ka8 Kc7 68. a7 Kc8 1/2-1/2